| Tag |
First Indicator |
Second Indicator |
Subfields |
| LEADER |
00000cam a22000004a 4500 |
| 001 |
in00004524721 |
| 005 |
20191205081553.0 |
| 008 |
131113s2013 ne a 000 0 eng d |
| 020 |
|
|
|a 9789087401030
|
| 020 |
|
|
|a 9087401035
|
| 035 |
|
|
|a (OCoLC)ocn865108552
|
| 035 |
|
|
|a (OCoLC)865108552
|
| 035 |
|
|
|z (UtOrBLW)60266
|
| 035 |
|
|
|a 86578
|
| 040 |
|
|
|a TMV
|c TMV
|d UtOrBLW
|
| 049 |
|
|
|a TMVM
|c 1
|
| 060 |
|
4 |
|a SF 961
|b H917c 2013
|
| 100 |
1 |
|
|a Hulsen, Jan.
|
| 245 |
1 |
0 |
|a Cow signals checkbook :
|b working on health, production and welfare /
|c Jan Hulsen.
|
| 264 |
|
1 |
|a Zutphen, The Netherlands :
|b Roodbont Publishers,
|c [2013]
|
| 264 |
|
4 |
|c ©2013
|
| 300 |
|
|
|a 85 pages :
|b color illustrations ;
|c 30 cm.
|
| 336 |
|
|
|a text
|2 rdacontent
|b txt
|
| 337 |
|
|
|a unmediated
|2 rdamedia
|
| 338 |
|
|
|a volume
|2 rdacarrier
|b nc
|
| 490 |
0 |
|
|a Cow Signals series
|
| 505 |
0 |
|
|a Young stock -- Feed & water -- Rest & space -- Light and air -- Hoof care -- Udder health -- Fertility -- Health & disease -- Dry period-transition -- Management
|
| 650 |
|
0 |
|a Cattle.
|
| 650 |
|
0 |
|a Cattle
|x Diseases.
|
| 650 |
|
2 |
|a Cattle.
|
| 650 |
|
2 |
|a Cattle Diseases.
|
| 650 |
|
2 |
|a Animal Welfare.
|
| 999 |
|
|
|a MARS
|
| 999 |
f |
f |
|s 1040c359-d755-37df-a559-e10d038b14f0
|i 139fc42a-729a-3825-b198-266cbb34820c
|t 0
|
| 952 |
f |
f |
|p preservation
|a Texas A&M University
|b J.J. Pickle Campus
|c High Density Repository
|d Remote Storage
|t 0
|e SF 961 H917c 2013
|h National Library of Medicine classification
|i unmediated -- volume
|m 3238902421180
|
| 998 |
f |
f |
|a SF 961 H917c 2013
|t 0
|l Remote Storage
|